BIBLIOTECA PODER JUDICIAL
Portal Judicial TDF

Del "fastidio procesal" a la justicia eficiente. Apuntes para una transición posible / (Registro nro. 6472)

000 -LEADER
fixed length control field 01212nab a22002777a 4500
003 - CONTROL NUMBER IDENTIFIER
control field OSt
005 - DATE AND TIME OF LATEST TRANSACTION
control field 20260210092822.0
008 - FIXED-LENGTH DATA ELEMENTS--GENERAL INFORMATION
fixed length control field 190506c xxu||||| |||| 00| 0 spa d
040 ## - CATALOGING SOURCE
Transcribing agency PJ
100 ## - MAIN ENTRY--PERSONAL NAME
9 (RLIN) 7091
Personal name Caporiccio, Francisco Vicente
245 10 - TITLE STATEMENT
Title Del "fastidio procesal" a la justicia eficiente. Apuntes para una transición posible /
Statement of responsibility, etc Francisco Vicente Caporiccio, Martina Perugini, Alejo Facundo Regules, Florencia Evé Vidaurreta.
260 ## - PUBLICATION, DISTRIBUTION, ETC. (IMPRINT)
Place of publication, distribution, etc Buenos Aires :
Name of publisher, distributor, etc AbeledoPerrot,
Date of publication, distribution, etc 2025.
300 ## - PHYSICAL DESCRIPTION
Extent p. 38-42
500 ## - GENERAL NOTE
General note Cita: TR LALEY AR/DOC/230/2025.<br/>
505 ## - FORMATTED CONTENTS NOTE
Formatted contents note Sumario: I. Introducción.— II. ¿De dónde partimos?— III. ¿Qué proponemos?— IV. Conclusión.
505 ## - FORMATTED CONTENTS NOTE
Title ¿Te interesa el texto completo? Comunicate al correo: koha@justierradelfuego.gov.ar
650 #0 - SUBJECT ADDED ENTRY--TOPICAL TERM
9 (RLIN) 1316
Topical term or geographic name as entry element DERECHO LABORAL
650 #0 - SUBJECT ADDED ENTRY--TOPICAL TERM
9 (RLIN) 289
Topical term or geographic name as entry element CONTRATO DE TRABAJO
650 #0 - SUBJECT ADDED ENTRY--TOPICAL TERM
Topical term or geographic name as entry element PROCEDIMIENTO LABORAL
9 (RLIN) 1514
650 #0 - SUBJECT ADDED ENTRY--TOPICAL TERM
Topical term or geographic name as entry element TELETRABAJO
9 (RLIN) 4439
650 #0 - SUBJECT ADDED ENTRY--TOPICAL TERM
Topical term or geographic name as entry element FIRMA DIGITAL
9 (RLIN) 282
650 #0 - SUBJECT ADDED ENTRY--TOPICAL TERM
Topical term or geographic name as entry element NOTIFICACIÓN ELECTRÓNICA
9 (RLIN) 5390
700 ## - ADDED ENTRY--PERSONAL NAME
9 (RLIN) 7092
Personal name Perugini, Martina
773 0# - HOST ITEM ENTRY
Host Biblionumber 2751
Host Itemnumber 3202
Place, publisher, and date of publication Buenos Aires : AbeledoPerrot, 2013-
Title Revista de derecho laboral y seguridad social. Nº 6 - Marzo 2025
942 ## - ADDED ENTRY ELEMENTS (KOHA)
Source of classification or shelving scheme
Koha item type Analítica Artículo de Revista

No hay ítems disponibles.

12 de Octubre 789 Ushuaia - Tel:  54(02901)441571
Horario de Atención: 8.00 a 17.00 hs. 
bibliotecaush@justierradelfuego.gov.ar
koha@justierradelfuego.gov.ar
Seguinos en nuestras redes @bibliojustdf 

Con tecnología Koha